Operational calculus in two variables and its applications /

Guardado en:
Autor Principal: Ditkin, V. A.
Otros Autores: Prudnikov, A. P.
Formato: Libro
Idioma:English
Russian
Publicado: New York : Pergamon Press, 1962.
Series:International series of monographs on pure and applied mathematics ; v. 24
Etiquetas: Agregar Etiqueta
Sin Etiquetas, Sea el primero en etiquetar este registro!
LEADER 00807nam a22001935a 4500
001 MAT.inmabb001372
008 031124s1962####nyu###########000#0#eng#d
005 20130320111113.0
245 1 0 |a Operational calculus in two variables and its applications /  |c by V. A. Ditkin and A. P. Prudnikov ; translated by D. M. G. Wishart. 
260 |a New York :  |b Pergamon Press,  |c 1962. 
300 |a x, 167 p. ;  |c 23 cm. 
440 0 |a International series of monographs on pure and applied mathematics ;  |v v. 24 
500 |a A translation of the original volume: Operatsionnoye ischisleniye po dvum peremennym i ego prilozheniya (Fizmatgiz, Moscow, 1958). 
510 4 |a MR,  |c 25 #2397 
100 1 |a Ditkin, V. A. 
700 1 |a Prudnikov, A. P. 
084 |a 44  |2 msc2000 
041 1 |a eng  |h rus 
859 |h 44  |i D615  |p A-1618  |b BIB. MATEMATICA